2024 NFL Draft Round 1 Picks - Statistics

General Stats
  • This quiz has been taken 197 times
  • The average score is 19 of 32
Answer Stats
Pick Player Team % Correct
1 Caleb Williams Chicago Bears
100%
3 Drake Maye New England Patriots
98%
2 Jaden Daniels Washington Commanders
97%
4 Marvin Harrison Jr Arizona Cardinals
96%
6 Malik Nabers New York Giants
94%
5 Joe Alt Los Angeles Chargers
90%
8 Michael Penix Jr Atlanta Falcons
90%
12 Bo Nix Denver Broncos
85%
10 J.J. McCarthy Minnesota Vikings
85%
9 Rome Odunze Chicago Bears
82%
13 Brock Bowers Las Vegas Raiders
68%
28 Xavier Worthy Kansas City Chiefs
68%
32 Xavier Legette Carolina Panthers
58%
22 Quinyon Mitchell Philadelphia Eagles
56%
7 JC Latham Tennessee Titans
51%
31 Ricky Pearsall San Francisco 49ers
51%
17 Dallas Turner Minnesota Vikings
49%
11 Olu Fashanu New York Jets
49%
15 Laiatu Latu Indianapolis Colts
48%
24 Terrion Arnold Detroit Lions
48%
19 Jared Verse Los Angeles Rams
47%
23 Brian Thomas Jr Jacksonville Jaguars
44%
21 Chop Robinson Miami Dolphins
44%
27 Darius Robinson Arizona Cardinals
42%
16 Byron Murphy II Seattle Seahawks
40%
30 Nate Wiggins Baltimore Ravens
37%
14 Taliese Fuaga New Orleans Saints
33%
20 Troy Fautanu Pittsburgh Steelers
29%
18 Amarius Mims Cincinnati Bengals
28%
26 Graham Barton Tampa Bay Buccaneers
28%
25 Jordan Morgan Green Bay Packers
28%
29 Tyler Guyton Dallas Cowboys
28%
No matching quizzes found
Score Distribution
Percent of People with Each Score
Percentile by Number Answered
Your Score History
You have not taken this quiz